Which City in Ohio? - Statistics

General Stats
  • This quiz has been taken 406 times
  • The average score is 12 of 17
Answer Stats
Description City % Correct
The state capital of Ohio Columbus
99%
The Cuyahoga River flows into Lake Erie at this city Cleveland
98%
City on the Ohio river formerly known as "Porkopolis" Cincinnati
97%
Where Bosnian peace accords were signed in 1995 Dayton
92%
LeBron James was born in this "Rubber Capital" Akron
90%
City that shares its name with the former capital of Spain Toledo
89%
City on the Pennsylvania border whose population has fallen by over 60% Youngstown
81%
Home to the Pro Football Hall of Fame Canton
79%
Thomas Edison was born in this village named for a major Italian city Milan
72%
Where you'd find the Cedar Point amusement park Sandusky
68%
The birthplace of western novelist Zane Grey Zanesville
63%
The most populous city in the U.S. whose name begins with X Xenia
62%
The TV show "Glee" is set here Lima
57%
This wealthy suburb was built on land formerly belonging to an exinct group of celibate Christians {Shaker} Heights
57%
Small city whose namesake college was the first co-ed institute of higher learning in the U.S. Oberlin
53%
Fast-growing suburb of the above where Wendy's is headquartered Dublin
48%
The first permanent U.S. settlement in Ohio, across the river from Parkersburg, West Virginia Marietta
42%
No matching quizzes found
Score Distribution
Percent of People with Each Score
Percentile by Number Answered
Your Score History
You have not taken this quiz